<?xml version="1.0" encoding="UTF-8"?>
<record
    xmlns:xsi="http://www.w3.org/2001/XMLSchema-instance"
    xsi:schemaLocation="http://www.loc.gov/MARC21/slim http://www.loc.gov/standards/marcxml/schema/MARC21slim.xsd"
    xmlns="http://www.loc.gov/MARC21/slim">

  <leader>01937nam a2200325uu 4500</leader>
  <controlfield tag="001">1567335</controlfield>
  <controlfield tag="003">CO-MdUADB</controlfield>
  <controlfield tag="005">20250925111134.0</controlfield>
  <controlfield tag="007">cr|||||||</controlfield>
  <controlfield tag="008">220210b2020    ck |||||om          spa  </controlfield>
  <datafield tag="035" ind1=" " ind2=" ">
    <subfield code="a">1567335</subfield>
  </datafield>
  <datafield tag="040" ind1=" " ind2=" ">
    <subfield code="c">comduadb</subfield>
  </datafield>
  <datafield tag="041" ind1=" " ind2=" ">
    <subfield code="a">spa</subfield>
  </datafield>
  <datafield tag="100" ind1="1" ind2=" ">
    <subfield code="a">Escudero Melguizo, Maria Camila</subfield>
    <subfield code="4">aut</subfield>
    <subfield code="e">aut</subfield>
    <subfield code="9">811409</subfield>
  </datafield>
  <datafield tag="245" ind1="1" ind2=" ">
    <subfield code="a">Tejiendo relaciones socioespaciales :</subfield>
    <subfield code="b"> espacios, materialidades e historias del costurero de la casa, hombres que tejen</subfield>
  </datafield>
  <datafield tag="264" ind1=" " ind2="1">
    <subfield code="a">Medell&#xED;n :</subfield>
    <subfield code="b">Autores(as), </subfield>
    <subfield code="c">2020 </subfield>
  </datafield>
  <datafield tag="300" ind1=" " ind2=" ">
    <subfield code="a">Recurso en l&#xED;nea (105 p&#xE1;ginas);</subfield>
  </datafield>
  <datafield tag="347" ind1=" " ind2=" ">
    <subfield code="a">Archivo de texto </subfield>
    <subfield code="b">PDF</subfield>
    <subfield code="c">2.02 MB</subfield>
  </datafield>
  <datafield tag="502" ind1=" " ind2=" ">
    <subfield code="b">297</subfield>
    <subfield code="c">22</subfield>
    <subfield code="d">2020</subfield>
  </datafield>
  <datafield tag="506" ind1=" " ind2=" ">
    <subfield code="a">Acceso embargado 2024 -12-15</subfield>
  </datafield>
  <datafield tag="520" ind1="3" ind2=" ">
    <subfield code="a">RESUMEN : El presente trabajo es el resultado de una investigaci&#xF3;n enmarcada en los estudios socioespaciales realizada en la ciudad de Medell&#xED;n. El objetivo principal fue reconocer cada una de las partes que hacen posible la existencia del colectivo El Costurero de La Casa, para lo que fue necesario comprender el papel de cada agente dentro del ensamblaje, acercarse al Costurero e interactuar con sus integrantes para hacer evidente la importancia del acercamiento en la construcci&#xF3;n del conocimiento colectivo. La relevancia de esta investigaci&#xF3;n se encuentra en la producci&#xF3;n y la configuraci&#xF3;n de espacialidades que se crean en torno a la pr&#xE1;ctica del tejido artesanal, otorgando importancia a las materialidades a y su capacidad de agencia en asuntos pol&#xED;ticos y cient&#xED;ficos.</subfield>
  </datafield>
  <datafield tag="526" ind1=" " ind2=" ">
    <subfield code="a">299</subfield>
  </datafield>
  <datafield tag="650" ind1=" " ind2="4">
    <subfield code="a">Tejido a mano</subfield>
    <subfield code="9">5613</subfield>
  </datafield>
  <datafield tag="650" ind1=" " ind2=" ">
    <subfield code="a">Etnograf&#xED;a</subfield>
    <subfield code="9">170733</subfield>
  </datafield>
  <datafield tag="650" ind1=" " ind2=" ">
    <subfield code="a">Socioespacialidad</subfield>
    <subfield code="9">183660</subfield>
  </datafield>
  <datafield tag="650" ind1=" " ind2=" ">
    <subfield code="a">Ensamblaje</subfield>
    <subfield code="9">32756</subfield>
  </datafield>
  <datafield tag="700" ind1="1" ind2=" ">
    <subfield code="a">Dom&#xED;nguez Cardona, Juan Camilo</subfield>
    <subfield code="4">ths</subfield>
    <subfield code="e">ths</subfield>
    <subfield code="9">607740</subfield>
  </datafield>
  <datafield tag="856" ind1="4" ind2=" ">
    <subfield code="u">https://bibliotecadigital.udea.edu.co/handle/10495/19893?mode=simple</subfield>
    <subfield code="z">CONSULTE TEXTO COMPLETO EN EL REPOSITORIO INSTITUCIONAL UNIVERSIDAD DE ANTIOQUIA</subfield>
  </datafield>
  <datafield tag="942" ind1=" " ind2=" ">
    <subfield code="c">TESIS</subfield>
    <subfield code="n">0</subfield>
    <subfield code="2">FAC</subfield>
  </datafield>
  <datafield tag="999" ind1=" " ind2=" ">
    <subfield code="c">845121</subfield>
    <subfield code="d">845121</subfield>
  </datafield>
</record>
